000 00509nam a2200229Ia 4500
003 IT-RoPAU
008 120407s9999 xx 000 0 und d
040 _aIT-RoPAU
040 _cIT-RoPAU
041 _aita
100 _aNorbert Lohfink
245 _aLa promessa della terra come giuramento. Studio su Gen. 15.
250 _aBrescia
260 _aPaideia
260 _c1975
300 _a162 p.
300 _c21 cm
490 _aStudi biblici
490 _v130
942 _cBK
999 _c26648
_d26648